<?xml version="1.0" encoding="UTF-8"?>
<record
    xmlns:xsi="http://www.w3.org/2001/XMLSchema-instance"
    xsi:schemaLocation="http://www.loc.gov/MARC21/slim http://www.loc.gov/standards/marcxml/schema/MARC21slim.xsd"
    xmlns="http://www.loc.gov/MARC21/slim">

  <leader>00883cam a2200289I  4500</leader>
  <datafield tag="952" ind1=" " ind2=" ">
    <subfield code="0">0</subfield>
    <subfield code="1">0</subfield>
    <subfield code="2">ddc</subfield>
    <subfield code="4">0</subfield>
    <subfield code="7">1</subfield>
    <subfield code="8">NFIC</subfield>
    <subfield code="a">ASL</subfield>
    <subfield code="b">ASL</subfield>
    <subfield code="c">GEN</subfield>
    <subfield code="d">2016-12-07</subfield>
    <subfield code="e">ASB Publications</subfield>
    <subfield code="h">ASP-007</subfield>
    <subfield code="l">0</subfield>
    <subfield code="o">301.0954 BES</subfield>
    <subfield code="p">100031</subfield>
    <subfield code="r">2016-12-07 00:00:00</subfield>
    <subfield code="t">C-1</subfield>
    <subfield code="w">2016-12-07</subfield>
    <subfield code="y">BK</subfield>
    <subfield code="z">RARE</subfield>
  </datafield>
  <datafield tag="952" ind1=" " ind2=" ">
    <subfield code="0">0</subfield>
    <subfield code="1">0</subfield>
    <subfield code="2">ddc</subfield>
    <subfield code="4">0</subfield>
    <subfield code="7">1</subfield>
    <subfield code="8">NFIC</subfield>
    <subfield code="a">ASL</subfield>
    <subfield code="b">ASL</subfield>
    <subfield code="c">GEN</subfield>
    <subfield code="d">2016-12-07</subfield>
    <subfield code="e">ASB Publications</subfield>
    <subfield code="h">ASP-007</subfield>
    <subfield code="l">0</subfield>
    <subfield code="o">301.0954 BES</subfield>
    <subfield code="p">100032</subfield>
    <subfield code="r">2016-12-07 00:00:00</subfield>
    <subfield code="t">C-2</subfield>
    <subfield code="w">2016-12-07</subfield>
    <subfield code="y">BK</subfield>
    <subfield code="z">RARE</subfield>
  </datafield>
  <datafield tag="952" ind1=" " ind2=" ">
    <subfield code="0">0</subfield>
    <subfield code="1">0</subfield>
    <subfield code="2">ddc</subfield>
    <subfield code="4">0</subfield>
    <subfield code="7">1</subfield>
    <subfield code="8">NFIC</subfield>
    <subfield code="a">ASL</subfield>
    <subfield code="b">ASL</subfield>
    <subfield code="c">GEN</subfield>
    <subfield code="d">2016-12-07</subfield>
    <subfield code="e">ASB Publications</subfield>
    <subfield code="h">ASP-007</subfield>
    <subfield code="l">0</subfield>
    <subfield code="o">301.0954 BES</subfield>
    <subfield code="p">100033</subfield>
    <subfield code="r">2016-12-07 00:00:00</subfield>
    <subfield code="t">C-3</subfield>
    <subfield code="w">2016-12-07</subfield>
    <subfield code="y">BK</subfield>
    <subfield code="z">RARE</subfield>
  </datafield>
  <datafield tag="952" ind1=" " ind2=" ">
    <subfield code="0">0</subfield>
    <subfield code="1">0</subfield>
    <subfield code="2">ddc</subfield>
    <subfield code="4">0</subfield>
    <subfield code="7">1</subfield>
    <subfield code="8">NFIC</subfield>
    <subfield code="a">ASL</subfield>
    <subfield code="b">ASL</subfield>
    <subfield code="c">GEN</subfield>
    <subfield code="d">2016-12-07</subfield>
    <subfield code="e">ASB Publications</subfield>
    <subfield code="h">ASP-007</subfield>
    <subfield code="l">0</subfield>
    <subfield code="o">301.0954 BES</subfield>
    <subfield code="p">100034</subfield>
    <subfield code="r">2016-12-07 00:00:00</subfield>
    <subfield code="t">C-4</subfield>
    <subfield code="w">2016-12-07</subfield>
    <subfield code="y">BK</subfield>
    <subfield code="z">RARE</subfield>
  </datafield>
  <datafield tag="952" ind1=" " ind2=" ">
    <subfield code="0">0</subfield>
    <subfield code="1">0</subfield>
    <subfield code="2">ddc</subfield>
    <subfield code="4">1</subfield>
    <subfield code="7">1</subfield>
    <subfield code="8">NFIC</subfield>
    <subfield code="a">ASL</subfield>
    <subfield code="b">ASL</subfield>
    <subfield code="c">GEN</subfield>
    <subfield code="d">2016-12-07</subfield>
    <subfield code="e">ASB Publications</subfield>
    <subfield code="h">ASP-007</subfield>
    <subfield code="l">0</subfield>
    <subfield code="o">301.0954 BES</subfield>
    <subfield code="p">100035</subfield>
    <subfield code="r">2016-12-07 00:00:00</subfield>
    <subfield code="t">C-5</subfield>
    <subfield code="w">2016-12-07</subfield>
    <subfield code="y">BK</subfield>
    <subfield code="z">RARE</subfield>
  </datafield>
  <datafield tag="952" ind1=" " ind2=" ">
    <subfield code="0">0</subfield>
    <subfield code="1">0</subfield>
    <subfield code="2">ddc</subfield>
    <subfield code="4">0</subfield>
    <subfield code="7">1</subfield>
    <subfield code="8">NFIC</subfield>
    <subfield code="a">ASL</subfield>
    <subfield code="b">ASL</subfield>
    <subfield code="c">GEN</subfield>
    <subfield code="d">2021-01-20</subfield>
    <subfield code="e">ASB Publications</subfield>
    <subfield code="h">ASP-007</subfield>
    <subfield code="l">0</subfield>
    <subfield code="o">301.0954 BES</subfield>
    <subfield code="p">104602</subfield>
    <subfield code="r">2021-01-20 00:00:00</subfield>
    <subfield code="t">C-6</subfield>
    <subfield code="w">2021-01-20</subfield>
    <subfield code="y">BK</subfield>
    <subfield code="z">RARE</subfield>
  </datafield>
  <datafield tag="952" ind1=" " ind2=" ">
    <subfield code="0">0</subfield>
    <subfield code="1">0</subfield>
    <subfield code="2">ddc</subfield>
    <subfield code="4">0</subfield>
    <subfield code="7">1</subfield>
    <subfield code="8">NFIC</subfield>
    <subfield code="a">ASL</subfield>
    <subfield code="b">ASL</subfield>
    <subfield code="c">GEN</subfield>
    <subfield code="d">2021-01-20</subfield>
    <subfield code="e">ASB Publications</subfield>
    <subfield code="h">ASP-007</subfield>
    <subfield code="l">0</subfield>
    <subfield code="o">301.0954 BES</subfield>
    <subfield code="p">104603</subfield>
    <subfield code="r">2021-01-20 00:00:00</subfield>
    <subfield code="t">C-7</subfield>
    <subfield code="w">2021-01-20</subfield>
    <subfield code="y">BK</subfield>
    <subfield code="z">RARE</subfield>
  </datafield>
  <datafield tag="952" ind1=" " ind2=" ">
    <subfield code="0">0</subfield>
    <subfield code="1">0</subfield>
    <subfield code="2">ddc</subfield>
    <subfield code="4">0</subfield>
    <subfield code="7">0</subfield>
    <subfield code="8">NFIC</subfield>
    <subfield code="a">ASL</subfield>
    <subfield code="b">ASL</subfield>
    <subfield code="c">ASBP</subfield>
    <subfield code="d">2022-04-27</subfield>
    <subfield code="e">ASB Publications</subfield>
    <subfield code="h">ASP-007</subfield>
    <subfield code="l">0</subfield>
    <subfield code="o">301.0954 BES</subfield>
    <subfield code="p">116615</subfield>
    <subfield code="r">2022-04-27 00:00:00</subfield>
    <subfield code="t">C-8</subfield>
    <subfield code="w">2022-04-27</subfield>
    <subfield code="y">BK</subfield>
    <subfield code="z">OOP</subfield>
  </datafield>
  <datafield tag="999" ind1=" " ind2=" ">
    <subfield code="c">17499</subfield>
    <subfield code="d">17499</subfield>
  </datafield>
  <controlfield tag="001">4738564</controlfield>
  <controlfield tag="003">BDDh-ASL</controlfield>
  <controlfield tag="005">20231015025542.0</controlfield>
  <controlfield tag="008">161207s1960    pk ab    b    000 0 eng |</controlfield>
  <datafield tag="010" ind1=" " ind2=" ">
    <subfield code="a">sa 63000222</subfield>
  </datafield>
  <datafield tag="035" ind1=" " ind2=" ">
    <subfield code="a">(OCoLC)ocm10372557</subfield>
  </datafield>
  <datafield tag="035" ind1=" " ind2=" ">
    <subfield code="a">(NNC)4738564</subfield>
  </datafield>
  <datafield tag="040" ind1=" " ind2=" ">
    <subfield code="a">DLC</subfield>
    <subfield code="c">CSF</subfield>
    <subfield code="d">BDDh-ASL</subfield>
  </datafield>
  <datafield tag="050" ind1="0" ind2=" ">
    <subfield code="a">HN690.5</subfield>
    <subfield code="b">.B4</subfield>
  </datafield>
  <datafield tag="082" ind1=" " ind2=" ">
    <subfield code="a">301.0954</subfield>
    <subfield code="b">BES</subfield>
  </datafield>
  <datafield tag="098" ind1=" " ind2=" ">
    <subfield code="a">Lw</subfield>
  </datafield>
  <datafield tag="100" ind1="1" ind2=" ">
    <subfield code="a">Bessaignet, Pierre</subfield>
    <subfield code="e">editor.</subfield>
    <subfield code="9">35</subfield>
  </datafield>
  <datafield tag="245" ind1="1" ind2="0">
    <subfield code="a">Social research in East Pakistan /</subfield>
  </datafield>
  <datafield tag="260" ind1=" " ind2=" ">
    <subfield code="a">Dacca:</subfield>
    <subfield code="b">Asiatic Society of Pakistan,</subfield>
    <subfield code="c">1960.</subfield>
  </datafield>
  <datafield tag="300" ind1=" " ind2=" ">
    <subfield code="a">323 p.:</subfield>
    <subfield code="b">illus.;</subfield>
    <subfield code="c">25 cm.</subfield>
  </datafield>
  <datafield tag="440" ind1=" " ind2=" ">
    <subfield code="a">Asiatic Society of Pakistan publication;</subfield>
    <subfield code="v">no. 07</subfield>
    <subfield code="9">206</subfield>
  </datafield>
  <datafield tag="504" ind1=" " ind2=" ">
    <subfield code="a">Includes bibliographical references and index.</subfield>
  </datafield>
  <datafield tag="651" ind1=" " ind2="0">
    <subfield code="a">Bangladesh</subfield>
    <subfield code="x">Social conditions.</subfield>
    <subfield code="9">56</subfield>
  </datafield>
  <datafield tag="830" ind1=" " ind2="0">
    <subfield code="a">Asiatic Society of Pakistan publications ;</subfield>
    <subfield code="v">no. 5.</subfield>
    <subfield code="9">57</subfield>
  </datafield>
  <datafield tag="942" ind1=" " ind2=" ">
    <subfield code="2">ddc</subfield>
    <subfield code="c">BK</subfield>
  </datafield>
</record>
